Statistics for Landmarks of Countries #3

Click here to take the quiz!

General Stats

  • This quiz has been taken 14,218 times
  • The average score is 13 of 22

Answer Stats

LandmarkCountry% Correct
Times SquareUnited States
100%
Mount OlympusGreece
93%
Neuschwanstein CastleGermany
86%
Hadrian's WallUnited Kingdom
81%
Schönbrunn PalaceAustria
77%
Chichen ItzaMexico
77%
The MatterhornSwitzerland / Italy
76%
Luxor TempleEgypt
75%
Blarney CastleIreland
70%
Imam Ali MosqueIraq
57%
Dome of the RockIsrael / Palestine
57%
Shibuya CrossingJapan
52%
Victoria FallsZimbabwe / Zambia
51%
Sugarloaf MountainBrazil
47%
Milford SoundNew Zealand
46%
Manneken PisBelgium
40%
The Aqueduct of SegoviaSpain
40%
The Blue LagoonIceland
36%
Kasbah of the UdayasMorocco
35%
Mysore PalaceIndia
32%
Monument to the DiscoveriesPortugal
25%
Temple of the Silver PavilionJapan
20%

Score Distribution

Percentile by Number Answered

Percent of People with Each Score

Your Score History

You have not taken this quiz